000 01355nam0a22003371 4500
001 RU\NLR\INFOCOMM_165\5000015004
005 20250613095827.0
035 _a(NLR Aleph) 009312830
090 _a9347882
_c9347882
100 _a20101123d1983 |||y0rusy50 ca
101 0 _aeng
_drus
102 _aRU
105 _ay ||||000|y
200 1 _aLax-type representation for embedinngs of Riemannian manifolds
_fM. A. Gabeskiria, M. V. Saveliev
210 _aSerpukhov
_cИн-т физики высоких энергий
_d1983
215 _a7 с.
_d24 см
225 1 _aInst. for high energy physics
_vИФВЭ 83-85
300 _aНа обороте тит. л.: Представление типа Лакса для вложений римановых многообразий / Габескирия М. А., Савельев М. В.
300 _aРез. на рус. яз.
320 _aБиблиогр.: с. 7
606 _aМногообразия (мат.) римановы
_2nlr_sh1
686 _aВ181.222.11
_2rubbk
700 1 _9z01790
_aGabeskirija
_bM. A.
_4070
701 1 _9z02790
_aSavel'ev
_bM. V.
_gMichail Vladimirovič
_4070
790 1 _9z01700
_aGabeskiria
_bM. A.
_4070
790 1 _9z02701
_aSaveliev
_bM. V.
_4070
801 1 _aRU
_bNLR
_c20101123
801 0 _aRU
_bNLR
_gPSBO
852 _aNLR
_jМт01 Д-8/37
942 _cBOOK
980 _aNB